000 00674nam a2200241Ia 4500
003 OSt
005 20221005050509.0
006 a|||||r|||| 00| 0
007 ta
008 221004b |||||||| |||| 00| 0 eng d
024 _a49267
037 _cTextual
040 _aCRL
_cCRL
_beng
041 _2eng
_aeng
082 _aU8.443684, D9
110 _aGovernment of Punjab
_9253167
245 0 _aPunjab District Gazetteers
_b Simla District.
260 _aLahore
_bGovernment Printing and Stationery Punjab
_c1909
650 _aGEOGRAPHY
700 _aGovernment of Punjab
_9253168
942 _hU8.443684, D9
_cTEXL
_2cc
999 _c957188
_d957188